Make ready for the next generation of business managers

Zisťovanie praktických vedomostí z finančnej oblasti u študentov ekonomických fakúlt so zámerom zistiť, s akou kvalitou uchádzačov o prácu môžu podniky počítať v najbližšom období.

Gespeichert in:
Bibliographische Detailangaben
1. Verfasser: Škriniar, Pavel, 1979-
Weitere Verfasser: Boorová, Brigita, 1979-
Format: Buchkapitel
Sprache:Slowakisch
Schlagworte:
Tags: Tag hinzufügen
Keine Tags, Fügen Sie das erste Tag hinzu!

MARC

LEADER 00000nla a2200000 4500
001 0221163
005 20240502073631.9
041 0 |a slo 
044 |a SK 
245 1 0 |a Make ready for the next generation of business managers  |c Pavel Škriniar, Brigita Boorová 
520 |a Zisťovanie praktických vedomostí z finančnej oblasti u študentov ekonomických fakúlt so zámerom zistiť, s akou kvalitou uchádzačov o prácu môžu podniky počítať v najbližšom období. 
610 2 0 |a manažment 
610 2 0 |a manažéri 
610 2 0 |a rozhodovanie manažérske 
610 2 0 |a riadenie podnikové 
610 2 0 |a kvalita 
610 2 0 |a zručnosti 
610 2 0 |a vedomosti 
610 2 0 |a absolventi 
100 1 |a Škriniar, Pavel, 1979- 
700 1 |a Boorová, Brigita, 1979-